Quel est le nom de l'animé ? - Statistiques

Statistiques générales
  • Ce quiz a été pris 521 fois
  • Le résultat moyen est 13 sur 16
Statistiques - réponses
Par images Réponse % Correct
Naruto
100%
One Piece
99%
Dragon Ball
97%
Demon Slayer
95%
My hero academia
95%
One Punch Man
93%
Jujutsu Kaisen
86%
Dr Stone
84%
Blue Lock
82%
L'attaque des titans
82%
Black Clover
78%
Fire Force
75%
Tokyo Revengers
75%
Chainsaw Man
67%
Solo Leveling
67%
Cyberpunk
51%
Aucun quiz correspondant
Distribution des résultats
% des personnes avec chaque résultat
Percentile par nombre de réponses
Votre historique - résultats
Vous n’avez pas pris ce quiz